[Event "Andorra"]
[Site "Andorra la Vella AND"]
[Date "2003.07.06"]
[Round "2"]
[White "Tejero Royo,F"]
[Black "Al Sayed,Mohamad"]
[Result "0-1"]
[WhiteElo "2194"]
[BlackElo "2455"]

1.Nf3 Nf6 2.g3 g6 3.Bg2 Bg7 4.c4 O-O 5.Nc3 d6 6.d4 Nc6 7.O-O a6 8.h3 Rb8
9.e4 Nd7 10.Be3 Na5 11.Qe2 b5 12.c5 dxc5 13.dxc5 b4 14.Na4 Bb7 15.Qc2 Bc6
16.Rfd1 Qe8 17.Nd4 Bxa4 18.Qxa4 Nc4 19.Qc2 Nxe3 20.fxe3 Ne5 21.Bf1 a5 22.c6 e6
23.Qc5 Qd8 24.Nxe6 Qf6 25.Nxf8 Qg5 26.Kg2 Bxf8 27.Qc2 Qxe3 28.Qe2 Qg5 29.Qd2 Qe7
30.Qd5 h5 31.Rac1 h4 32.g4 Qf6 33.Kh1 Bd6 34.Qb3 Qf4 35.Rxd6 Qxc1 36.Qd1 Qf4
37.Rd8+ Rxd8 38.Qxd8+ Kg7 39.Bg2 Qc1+ 40.Kh2 Qxb2 41.Kg1 Qc1+ 42.Kf2 Qxc6
43.Qxh4 Qc2+ 44.Kg1 Qxa2 45.Qe7 Qa1+ 46.Kf2 Qd4+  0-1

[Event "25th Open"]
[Site "Oberwart AUT"]
[Date "2003.07.11"]
[Round "7"]
[White "Navara,D"]
[Black "Lehner,O"]
[Result "1-0"]
[WhiteElo "2608"]
[BlackElo "2391"]

1.Nf3 Nf6 2.c4 g6 3.g3 Bg7 4.Bg2 O-O 5.O-O c5 6.Nc3 Nc6 7.d4 cxd4 8.Nxd4 d6
9.Nxc6 bxc6 10.Bxc6 Bh3 11.Bxa8 Qxa8 12.Nd5 e6 13.Nxf6+ Bxf6 14.f3 Bxf1 15.Kxf1 Qc6
16.Bh6 Rb8 17.Rb1 g5 18.b3 Qc5 19.Qd3 Rb6 20.Rd1 Be7 21.h4 Qe5 22.Qd4 Qxd4
23.Rxd4 Ra6 24.Bxg5 f6 25.Bh6 Rxa2 26.Rg4+ Kf7 27.Rg7+ Ke8 28.Rxh7 Rb2 29.Rh8+ Kf7
30.Rb8  1-0

[Event "ch-City"]
[Site "Tehran IRI"]
[Date "2003.07.16"]
[Round "5"]
[White "Akbari,G"]
[Black "Mohajerin,P"]
[Result "0-1"]
[WhiteElo "2072"]
[BlackElo "2270"]

1.c4 Nf6 2.Nf3 g6 3.g3 Bg7 4.Bg2 O-O 5.Nc3 d6 6.O-O Nc6 7.d3 e5 8.Rb1 h6
9.b4 Nh5 10.b5 Ne7 11.e4 Be6 12.Nd5 Qd7 13.Ne1 Nxd5 14.cxd5 Bh3 15.Be3 Rae8
16.a4 b6 17.Rc1 Re7 18.Nc2 Bxg2 19.Kxg2 f5 20.f3 Ref7 21.Nb4 g5 22.Na6 fxe4
23.dxe4 g4 24.f4 exf4 25.gxf4 Nxf4+ 26.Bxf4 Rxf4 27.Rxf4 Rxf4 28.Rxc7 Qe8
29.Qc2 Qh5 30.Rc8+ Bf8 31.Qc3 Rf3 32.Qc1 Qh3+ 33.Kg1 g3 34.Rc2 Rc3 35.Nb4 gxh2+  0-1

[Event "26th Open"]
[Site "Ghent BEL"]
[Date "2003.07.21"]
[Round "5"]
[White "De Bruycker,B"]
[Black "Van der Weide,K"]
[Result "0-1"]
[WhiteElo "2226"]
[BlackElo "2412"]

1.Nf3 Nf6 2.c4 g6 3.g3 Bg7 4.Bg2 O-O 5.Nc3 d6 6.d3 e5 7.Bg5 h6 8.Bxf6 Qxf6
9.O-O c6 10.Rb1 Be6 11.b4 d5 12.cxd5 cxd5 13.e4 dxe4 14.dxe4 Nc6 15.Nd5 Qd8
16.b5 Ne7 17.Nh4 Nxd5 18.exd5 Bd7 19.Be4 Qb6 20.d6 Rad8 21.Qf3 Be6 22.a4 Rxd6
23.Bxb7 Rfd8 24.Be4 f5 25.Bc2 Kh7 26.Qa3 Qa5 27.Qb4 Qxb4 28.Rxb4 e4 29.Rbb1 Ba2
30.Rbd1 Rd2 31.Ng2 Bf8 32.Ne3 Bc5 33.Rxd2 Rxd2 34.Bb1 Bb3 35.a5 Bxe3 36.fxe3 Bc4
37.Rc1 Bxb5 38.Rc7+ Kh8 39.Bc2 a6 40.g4 f4 41.exf4 e3 42.Bb3 e2 43.Re7 Rd1+  0-1

[Event "3rd Savaria Summer Open"]
[Site "Szombathely HUN"]
[Date "2003.07.22"]
[Round "4"]
[White "Budai,D"]
[Black "Suto,G"]
[Result "1/2-1/2"]
[WhiteElo "2136"]
[BlackElo "2313"]

1.Nf3 Nf6 2.c4 g6 3.g3 Bg7 4.Bg2 O-O 5.O-O d6 6.d4 Nbd7 7.Nc3 e5 8.e4 c6
9.h3 Qa5 10.Be3 Qa6 11.b3 b5 12.cxb5 cxb5 13.dxe5 dxe5 14.a4 bxa4 15.Rxa4 Qb7
16.Qa1 Qxb3 17.Rb1 Qe6 18.Bxa7 Qc6 19.Ra5 Bb7 20.Nd5 Nxd5 21.exd5 Qc8 22.Qa4 e4
23.Nd4 Nf6 24.Nc6 Nxd5 25.Rc1 Bxc6 26.Rxc6 Qd8 27.Bxe4 Nc3 28.Rxc3 Bxc3 29.Rd5 Qf6
30.Rd1 Rad8 31.Be3 Rxd1+ 32.Qxd1 Rd8 33.Qg4 Bd4 34.Bf4 Qb6 35.Qf3 Qc5 36.h4 h5
37.Kg2 Re8 38.Bd5 Re7  1/2-1/2

[Event "3rd Savaria Summer Open"]
[Site "Szombathely HUN"]
[Date "2003.07.23"]
[Round "5"]
[White "Goczo,M"]
[Black "Maryasin,B"]
[Result "1-0"]
[WhiteElo "2262"]
[BlackElo "2393"]

1.Nf3 Nf6 2.g3 g6 3.Bg2 Bg7 4.c4 O-O 5.d4 Nc6 6.O-O a6 7.Nc3 Rb8 8.d5 Na5
9.Qa4 c6 10.dxc6 bxc6 11.c5 Nd5 12.Nxd5 cxd5 13.Rd1 Nc4 14.Rb1 Bb7 15.Qc2 Rc8
16.b3 Nd6 17.b4 Ne4 18.Bb2 Bxb2 19.Qxb2 d6 20.Ne1 f5 21.Nd3 e5 22.cxd6 Qxd6
23.Nc5 Ba8 24.Bxe4 fxe4 25.Nxe4 Qe7 26.Nc5 d4 27.Qb3+ Rf7 28.Qe6 Qxe6 29.Nxe6 Bd5
30.Nc5 Bxa2 31.Rbc1 Rc6 32.Nd3 Rxc1 33.Rxc1 e4 34.Rc8+ Kg7 35.Nc5 Bc4 36.Rd8 e3
37.fxe3 dxe3 38.Re8 Bxe2 39.Rxe3 Bb5 40.Re6 Rf1+ 41.Kg2 Rf6 42.Re7+ Rf7 43.Re6 Bf1+
44.Kg1 Bh3 45.Re1 Rf6 46.Ra1 Bc8 47.Kg2 g5 48.Re1 Bg4 49.Ra1 Be2 50.Re1 Bc4
51.Kg1 Kg6 52.Nd7 Re6 53.Nf8+ Kf5 54.Nxe6 Bxe6 55.Kf2 h5 56.Rc1 Bd7 57.Rc4 Bb5
58.Rd4 Ke5 59.Ke3 Kf5 60.h3 Bc6 61.Rd6 Bb5 62.Rd5+ Kf6 63.Rc5 Bf1 64.h4 gxh4
65.gxh4 Ke6 66.Kf4 Be2 67.Rc6+ Kf7 68.Ke5 Kg7 69.Rd6 Bb5 70.Kf5 Kf7 71.Kg5 Be2
72.Rd2 Bg4 73.Ra2 Bc8 74.Kxh5 Kf6 75.Ra5 Bb7 76.Rc5 Bf3+ 77.Kh6 Be4 78.Rc4 Bd5
79.Rf4+ Ke5 80.Kg5  1-0

[Event "MTO"]
[Site "Biel SUI"]
[Date "2003.07.24"]
[Round "4"]
[White "Buss,R"]
[Black "Cebalo,M"]
[Result "1/2-1/2"]
[WhiteElo "2283"]
[BlackElo "2510"]

1.Nf3 Nf6 2.c4 g6 3.g3 Bg7 4.Bg2 O-O 5.O-O d6 6.d4 c6 7.Nc3 Qa5 8.e4 Bg4
9.h3 Bxf3 10.Bxf3 Nbd7 11.Rb1 c5 12.d5 a6 13.a3 Qc7 14.Bg5 Rfe8 15.Qd2 e6
16.Bg2 exd5 17.exd5 Qa5 18.Ne4 Qxd2 19.Nxd2 b5 20.b4 Nh5 21.Ne4 Bd4 22.g4 f6
23.Bd2 f5 24.Nxd6 Re2 25.gxh5 Rxd2 26.cxb5 cxb4 27.axb4 axb5 28.Nxb5 Bb6
29.hxg6 hxg6 30.d6 Raa2 31.Rbd1 Rxd1 32.Rxd1 Rxf2 33.Kh1 Rb2 34.Nc7 Rxb4
35.Bc6 Nf6 36.Nd5 Nxd5 37.Rxd5 Kf7 38.Rb5  1/2-1/2

[Event "KB Czech Open"]
[Site "Pardubice CZE"]
[Date "2003.07.25"]
[Round "8"]
[White "Jaracz,P"]
[Black "Mista,A"]
[Result "1/2-1/2"]
[WhiteElo "2539"]
[BlackElo "2467"]

1.Nf3 Nf6 2.c4 g6 3.g3 Bg7 4.Bg2 O-O 5.d4 d6 6.O-O Nbd7 7.Nc3 e5 8.e4 c6
9.Be3 Ng4 10.Bg5 f6 11.Bc1 Nh6 12.Rb1 a5 13.a3 f5 14.d5 Nf7 15.exf5 gxf5
16.Nh4 Nb8 17.Qh5 Qf6 18.Bh3 Nh8 19.Rd1  1/2-1/2

[Event "MTO"]
[Site "Biel SUI"]
[Date "2003.07.29"]
[Round "8"]
[White "Cvitan,O"]
[Black "Livshits,G"]
[Result "1/2-1/2"]
[WhiteElo "2546"]
[BlackElo "2417"]

1.Nf3 Nf6 2.c4 g6 3.g3 Bg7 4.Bg2 O-O 5.O-O d6 6.d4 Nc6 7.Nc3 e5 8.d5 Ne7
9.e4 Nd7 10.b4 a5 11.Ba3 h6 12.Nd2 f5 13.Re1 b6 14.bxa5 Rxa5 15.Bb4 Ra6 16.a4 Nc5
17.Bf1 fxe4 18.Ncxe4 Nf5 19.Bc3 Nd4 20.Bxd4 exd4 21.Nxc5 dxc5 22.Bd3 Qf6
23.f4 Bd7 24.Ne4 Qf7 25.d6 Bf5 26.Ra2 Qd7 27.dxc7 Qxc7 28.Nf2 Qd7 29.Be4 Bxe4
30.Rxe4 Rfa8 31.Qe2 Rxa4 32.Rxa4 Rxa4 33.Re7 Qc6 34.Rxg7+ Kxg7 35.Qe7+ Kg8
36.Ne4 Ra1+ 37.Kf2 Ra2+ 38.Ke1 Ra1+ 39.Kd2 Ra2+ 40.Kc1 Ra1+ 41.Kb2 Ra2+ 42.Kxa2 Qa4+
43.Kb2 Qb4+ 44.Kc2 Qxc4+ 45.Kd2 Qb4+ 46.Kd1 Qb3+ 47.Kd2 Qb4+ 48.Ke2 Qc4+  1/2-1/2

[Event "FSIM August"]
[Site "Budapest HUN"]
[Date "2003.08.03"]
[Round "2"]
[White "Paci,C"]
[Black "Nilssen,J"]
[Result "1/2-1/2"]
[WhiteElo "2258"]
[BlackElo "2382"]

1.Nf3 Nf6 2.c4 g6 3.g3 Bg7 4.Bg2 O-O 5.O-O d5 6.cxd5 Nxd5 7.d4 Nb6 8.Nc3 Nc6
9.d5 Na5 10.e4 c6 11.Bf4 cxd5 12.exd5 Nac4 13.Qe2 Bg4 14.h3 Bd7 15.Rac1 Rc8
16.Rfd1 Nxb2 17.Qxb2 Na4 18.Nxa4 Bxb2 19.Nxb2 Qa5 20.Nc4 Qxa2 21.Nfe5 Bb5
22.d6 exd6 23.Nxd6 Rxc1 24.Rxc1 g5 25.Be3 Qe6 26.Nxb5 Qxe5 27.Rc5 Qa1+ 28.Kh2 h6
29.Nd4 b6 30.Rd5 Re8 31.Nf5 Rxe3 32.Nxe3 Qb2 33.Rf5 a5 34.Bd5 a4 35.Rxf7 a3
36.Ng4 Kh8 37.Rf8+ Kh7 38.Rf7+ Kh8 39.Rf8+ Kh7 40.Rf7+ Kh8 41.Rf8+  1/2-1/2

[Event "Inline Czechia Cup"]
[Site "Olomouc CZE"]
[Date "2003.08.05"]
[Round "7"]
[White "Jurek,J"]
[Black "Slaby,J"]
[Result "0-1"]
[WhiteElo "2342"]
[BlackElo "2376"]

1.Nf3 Nf6 2.c4 g6 3.g3 Bg7 4.Bg2 O-O 5.d4 d6 6.Nc3 Nbd7 7.O-O e5 8.e4 a6
9.Re1 exd4 10.Nxd4 Ng4 11.h3 Qf6 12.Nf3 Nge5 13.Nd5 Qd8 14.Nxe5 Nxe5 15.Bf1 c5
16.Bf4 Be6 17.Rb1 b5 18.b4 bxc4 19.bxc5 dxc5 20.Bxe5 Bxe5 21.Bxc4 Bxh3 22.Rb7 Qg5
23.Qb3 Rab8 24.Rxb8 Rxb8 25.Qe3 Qxe3 26.Rxe3 Rb1+ 27.Kh2 Bf1 28.Bxf1 Rxf1
29.Kg2 Rb1 30.Ra3 Rb2 31.Ne7+ Kg7 32.Nc6 Bc7 33.Rxa6 c4 34.Nd4 Bb6 35.Ne2 h5
36.Kf1 c3 37.Nxc3 Rxf2+ 38.Ke1 Rb2 39.Nd1 Rb4 40.Nc3 Bd4 41.Nd5 Rb2 42.Ra3 Bc5
43.Rc3 Bd6 44.a3 Ra2 45.Ne3 Bxg3+  0-1

[Event "9th Open"]
[Site "Pilsen-Lobzy CZE"]
[Date "2003.08.19"]
[Round "4"]
[White "Gross,S"]
[Black "Neuman,P"]
[Result "0-1"]
[WhiteElo "2328"]
[BlackElo "2438"]

1.c4 g6 2.g3 Bg7 3.Nf3 Nf6 4.Bg2 O-O 5.O-O c6 6.Qc2 d5 7.d3 dxc4 8.Qxc4 Nbd7
9.Qc2 e5 10.Nc3 Re8 11.Rd1 Nd5 12.d4 Nxc3 13.bxc3 Qe7 14.Bg5 f6 15.Be3 exd4
16.Qb3+ Kh8 17.Bxd4 Nb6 18.Qb4 Be6 19.Bc5 Qc7 20.e4 Nc4 21.Bf1 b5 22.Nd4 Bg8
23.Bxc4 Bxc4 24.Bd6 Qb6 25.Bc5 Qb7 26.a4 Rxe4 27.axb5 cxb5 28.Rxa7 Rxa7 29.Bxa7 h5
30.Qc5 h4 31.Qc6 Qe7 32.Bc5 Re1+ 33.Rxe1 Qxe1+ 34.Kg2 Bf1+ 35.Kf3 Qxc3+ 36.Kf4 Qd2+
37.Kf3 f5 38.Qe8+ Kh7 39.gxh4 Qc3+ 40.Qe3 Qxc5  0-1

[Event "14th Sommerpokal"]
[Site "Recklinghausen GER"]
[Date "2003.08.19"]
[Round "2"]
[White "Konietzka,L"]
[Black "Tomic,Bo"]
[Result "0-1"]
[WhiteElo "2093"]
[BlackElo "2259"]

1.Nf3 Nf6 2.g3 g6 3.Bg2 Bg7 4.c4 O-O 5.O-O Nc6 6.Nc3 d6 7.d4 Bf5 8.d5 Na5
9.Nd4 Bd7 10.b3 c5 11.dxc6 Nxc6 12.Bb2 Qa5 13.e3 Rac8 14.h3 a6 15.a3 b5 16.Nxc6 Bxc6
17.b4 Qb6 18.cxb5 Bxg2 19.Kxg2 axb5 20.Rc1 Rc4 21.Qe2 Rfc8 22.Rfd1 h5 23.Rd4 e5
24.Rxc4 Rxc4 25.Qf3 e4 26.Qe2 d5 27.Qd2 Qc6 28.Ne2 h4 29.g4 Rxc1 30.Qxc1 Qd7
31.Bd4 Nxg4 32.Bxg7 Kxg7 33.hxg4 Qxg4+ 34.Kf1 h3 35.Ng3 Qf3 36.Qc3+ Kh7 37.Qd2 d4
38.Qxd4 h2 39.Qd5 f5 40.Qf7+ Kh6 41.Qd7 Qxg3 42.fxg3 h1=Q+ 43.Ke2 Qf3+ 44.Kd2 Qf2+
45.Kd1 Qxe3 46.Qxb5 Qxa3 47.Qe5 Qd3+ 48.Ke1 Kg5 49.b5 Qe3+ 50.Kf1 Qd3+ 51.Ke1 Qb1+
52.Kf2 Qb4 53.Ke2 Kg4 54.Qf4+ Kh3 55.Kf2 Qb2+ 56.Ke1 Qxb5 57.Kf2 Qb2+  0-1

[Event "9th Open"]
[Site "Pilsen-Lobzy CZE"]
[Date "2003.08.20"]
[Round "5"]
[White "Volodin,V"]
[Black "Kopasov,E"]
[Result "1/2-1/2"]
[WhiteElo "2283"]
[BlackElo "2154"]

1.Nf3 Nf6 2.c4 g6 3.g3 Bg7 4.Bg2 O-O 5.O-O d5 6.cxd5 Nxd5 7.d4 Nc6 8.Nc3 Nb6
9.e3 Re8 10.Ne1 e5 11.d5 Na5 12.e4 c6 13.Be3 cxd5 14.Bxb6 Qxb6 15.Nxd5 Qd8
16.Nc2 Nc6 17.Rc1 Be6 18.Qd2 Rc8 19.h3 Qd7 20.Kh2 Red8 21.Qg5 h6 22.Qd2 Nd4
23.Nxd4 exd4 24.Qb4 Bxd5 25.exd5 Rxc1 26.Rxc1 Rc8 27.Rxc8+ Qxc8 28.d6 Qd7
29.Bxb7 Be5 30.Qc5 Qxd6 31.Qxd6 Bxd6 32.Ba6 Kg7 33.Kg2 f5 34.f4 Kf6 35.Kf3 g5
36.fxg5+ hxg5 37.Bd3 Ke5 38.h4 g4+ 39.Kf2 f4 40.h5 Bf8 41.a3 a5 42.Kg2 Bh6
43.b4 axb4 44.axb4 Bf8 45.b5 fxg3 46.Kxg3 Kf6 47.Kxg4 Kg7 48.Kg5 Be7+ 49.Kf5 Kh6
50.Ke6 Bd8 51.Be2 d3 52.Bd1 Bb6 53.Kd5 d2 54.Kc6 Be3 55.b6 Bxb6 56.Kxb6 Kg7
57.Kc5 Kh6  1/2-1/2

[Event "9th Open"]
[Site "Pilsen-Lobzy CZE"]
[Date "2003.08.22"]
[Round "7"]
[White "Konopka,M"]
[Black "Lechtynsky,J"]
[Result "1-0"]
[WhiteElo "2428"]
[BlackElo "2431"]

1.Nf3 Nf6 2.c4 g6 3.g3 Bg7 4.Bg2 O-O 5.O-O c6 6.d4 d5 7.cxd5 cxd5 8.Ne5 Ng4
9.Nxg4 Bxg4 10.Nc3 Nc6 11.h3 Be6 12.e3 Qd7 13.Kh2 f5 14.b3 Rac8 15.Na4 b6
16.Ba3 Rc7 17.Rc1 Rfc8 18.Nb2 Bf7 19.Nd3 e6 20.Qd2 Bf8 21.Bxf8 Kxf8 22.Rc3 Ne7
23.Ne5 Qd6 24.Rfc1 Rxc3 25.Rxc3 Rxc3 26.Qxc3 Be8 27.Bf1 Nc6 28.Nd3 Qa3 29.Qc2 Ke7
30.h4 h6 31.Nf4 g5 32.hxg5 hxg5 33.Nh3 g4 34.Nf4 Kf6 35.Bb5 Qd6 36.a4 Bd7
37.Qc1 Ne7 38.Bxd7 Qxd7 39.Kg2 Ng6 40.Nd3 Kg7 41.Qc2 Kf8 42.b4 Ke8 43.b5 Kd8
44.Nb4 Ne7 45.Qc1 Qc7 46.Qh1 Qc4 47.Na6 Qe2 48.Qh8+ Kd7 49.Nb8+ Kc7 50.Qe8 Qf3+
51.Kg1 Qd1+ 52.Kh2 Qf1 53.Na6+  1-0

[Event "ch-FRA"]
[Site "Aix les Bains FRA"]
[Date "2003.08.23"]
[Round "6"]
[White "Bacrot,E"]
[Black "Dorfman,J"]
[Result "1/2-1/2"]
[WhiteElo "2645"]
[BlackElo "2607"]

1.c4 Nf6 2.Nf3 g6 3.g3 Bg7 4.Bg2 O-O 5.O-O c6 6.d4 d5 7.cxd5 cxd5 8.Nc3 e6
9.Bf4 Nc6 10.Ne5 Nxe5 11.Bxe5 Bd7 12.e4 Bc6 13.Bxf6 Qxf6 14.exd5 exd5 15.Nxd5 Bxd5
16.Bxd5 Qxd4 17.Qxd4 Bxd4 18.Rfd1 Bf6 19.Rac1 Rac8 20.Bxb7 Rxc1 21.Rxc1 Bxb2
22.Rc7  1/2-1/2

[Event "Open"]
[Site "Vienna AUT"]
[Date "2003.08.24"]
[Round "9"]
[White "Hangweyrer,R"]
[Black "Hofbauer,M"]
[Result "1/2-1/2"]
[WhiteElo "2200"]
[BlackElo "2269"]

1.Nf3 Nf6 2.g3 g6 3.Bg2 Bg7 4.c4 O-O 5.Nc3 d6 6.d4 Nc6 7.O-O a6 8.d5 Na5
9.Nd2 c5 10.Qc2 Rb8  1/2-1/2

[Event "WGM"]
[Site "Punat CRO"]
[Date "2003.08.28"]
[Round "3"]
[White "Pahor,A"]
[Black "Repkova,E"]
[Result "0-1"]
[WhiteElo "2076"]
[BlackElo "2359"]

1.Nf3 Nf6 2.c4 g6 3.g3 Bg7 4.Bg2 O-O 5.O-O Re8 6.Nc3 e5 7.d3 c6 8.Bg5 h6
9.Bxf6 Qxf6 10.Rb1 Na6 11.b4 Qe7 12.a3 Nc7 13.Ne1 e4 14.Nxe4 d5 15.cxd5 Nxd5
16.e3 Bf5 17.Qc2 Bxe4 18.dxe4 Nc3 19.Rb3 Nxe4 20.Bxe4 Qxe4 21.Qxe4 Rxe4 22.Rd3 a5
23.bxa5 Rxa5 24.Nf3 Rea4 25.Rb1 b5 26.Rc1 Rc4 27.Rcd1 Bb2 28.Rd8+ Kg7 29.R1d7 Rc5
30.Nd2 Rc1+ 31.Kg2 Rd1 32.Rc8 Bc3 33.Rcc7 Rxd2 34.Rxf7+ Kg8 35.Rfe7 Rd8 36.Rxc6 Rxa3
37.Rxg6+ Kf8 38.Rb7 b4 39.Rc6 Ra2 40.Rcc7 Re8 41.Kf3 Kg8 42.Rf7 Rf8 43.Rxf8+ Kxf8
44.h4 Be1 45.e4 Rxf2+ 46.Ke3 Rg2 47.Kf4 h5 48.e5 Rxg3 49.Kf5 Rf3+ 50.Kg5 Bc3
51.e6 b3 52.Kxh5 b2 53.Kg6 Rf1  0-1

[Event "ch-IRI"]
[Site "Mashad IRI"]
[Date "2003.09.01"]
[Round "10"]
[White "Pirmaleki,S"]
[Black "Abedian,S"]
[Result "1/2-1/2"]
[WhiteElo "2142"]
[BlackElo "2184"]

1.c4 Nf6 2.Nf3 g6 3.g3 Bg7 4.Bg2 O-O 5.O-O d6 6.Nc3 c5 7.a3 Nc6 8.Rb1 a5
9.Ne1 Be6 10.d3 d5 11.b3 Qd7 12.Bb2 Rfd8 13.Na4 Qd6  1/2-1/2

[Event "1st League TCh-SCG"]
[Site "Budva SCG"]
[Date "2003.09.02"]
[Round "5"]
[White "Kurcubic,A"]
[Black "Kosoric,A"]
[Result "1-0"]
[WhiteElo "2362"]
[BlackElo "2204"]

1.Nf3 Nf6 2.c4 g6 3.g3 Bg7 4.Bg2 O-O 5.O-O d6 6.d4 c6 7.Nc3 Qc7 8.h3 Nbd7
9.e4 e5 10.Re1 h6 11.Be3 Re8 12.Qd2 g5 13.Rad1 Nf8 14.dxe5 dxe5 15.Bc5 Ng6
16.Na4 Be6 17.Bd6 Qc8 18.Kh2 Bxc4 19.b3 Be6 20.Nc5 Bxh3 21.Bxh3 g4 22.Nxe5 Nxe5
23.Bg2 Nf3+ 24.Bxf3 gxf3 25.Qf4 b6 26.Nd3 Qg4 27.e5 Qh5+ 28.Qh4 Qxh4+ 29.gxh4 Nd5
30.Kg3 Re6 31.Kxf3 f6 32.Kg3 Rae8 33.f4 f5 34.Kf3 Rg6 35.Rg1 Rg4 36.Rxg4 fxg4+
37.Kg3 h5 38.Re1 Bf8 39.f5 Bh6 40.Kf2 Bd2 41.Re2 Bc3 42.Kg3 Kf7 43.Nf4 Nxf4
44.Kxf4 c5 45.Kg5 Rg8+ 46.Kxh5 Ke8 47.e6 Bf6 48.Rg2 Rh8+ 49.Kxg4 Rxh4+ 50.Kf3 Rh8
51.Ke4  1-0

[Event "WGM"]
[Site "Punat CRO"]
[Date "2003.09.02"]
[Round "10"]
[White "Franciskovic,B"]
[Black "Repkova,E"]
[Result "0-1"]
[WhiteElo "2034"]
[BlackElo "2359"]

1.Nf3 Nf6 2.c4 g6 3.g3 Bg7 4.Bg2 O-O 5.O-O Re8 6.Nc3 e5 7.d3 c6 8.Bg5 h6
9.Bxf6 Qxf6 10.Rb1 Na6 11.Nd2 Qe7 12.Qc1 Rd8 13.a3 Nc7 14.b4 d5 15.Nb3 dxc4
16.dxc4 Bf5 17.Be4 Bxe4 18.Nxe4 f5 19.Nc3 e4 20.Rd1 Qe5 21.Rxd8+ Rxd8 22.Nd1 Ne6
23.e3 Kh7 24.Qc2 b6 25.Nc1 Ng5 26.Nb3 Nf3+ 27.Kh1 f4 28.Qe2 Qh5 29.h4 Qg4  0-1

[Event "Open"]
[Site "Sharjah UAE"]
[Date "2003.09.02"]
[Round "7"]
[White "Rausis,I"]
[Black "Omearat,A"]
[Result "1/2-1/2"]
[WhiteElo "2495"]
[BlackElo "2271"]

1.Nf3 Nf6 2.c4 g6 3.g3 Bg7 4.Bg2 O-O 5.O-O d6 6.d4 Nbd7 7.Nc3 c6 8.b3 Re8
9.a4 e5 10.e3 a6 11.Bb2 e4 12.Nd2 d5 13.f3 Bh6 14.fxe4 Bxe3+ 15.Kh1 Bxd4
16.exd5 cxd5 17.cxd5 Re3 18.Rc1 Rd3 19.Qc2 Ne5 20.Nc4 Nfg4 21.Nxe5 Nxe5 22.Ne2 Bxb2
23.Qxb2 Ng4 24.Nf4 Re3 25.h3 Nh6 26.Rf3 Rxf3 27.Bxf3 Qg5 28.Qf2 Bxh3 29.d6  1/2-1/2

[Event "WGM"]
[Site "Punat CRO"]
[Date "2003.09.03"]
[Round "11"]
[White "Pahor,A"]
[Black "Srebrnic,A"]
[Result "1/2-1/2"]
[WhiteElo "2076"]
[BlackElo "2243"]

1.Nf3 Nf6 2.c4 g6 3.g3 Bg7 4.Bg2 O-O 5.O-O d6 6.Nc3 e5 7.d3 Nc6 8.Bg5 h6
9.Bxf6 Bxf6 10.Rb1 a5 11.a3 Be6 12.b4 axb4 13.axb4 Qd7 14.Re1 Bg7 15.Nd5 b5
16.Nd2 bxc4 17.dxc4 Rab8 18.Qa4 Nd4 19.Qxd7 Bxd7 20.b5 Ne6 21.Ra1 Kh7 22.Ra7 e4
23.Nxe4 f5 24.Nxd6 Bd4 25.Rb7 Rxb7 26.Nxb7 Ra8 27.Rd1 Ra1 28.Rxa1 Bxa1 29.Na5 Kg7
30.Kf1 Be5 31.Nb3 Kf7 32.e3 Be8 33.Nb4 Bc3 34.Nc6 Bxc6 35.Bxc6 Ke7 36.Bd5 Nf8
37.Ke2 Kd6 38.Kd3 Bb4 39.Nd4 Nd7 40.Ke2 Nf8 41.h4 h5 42.f3 Bc5 43.Nb3 Bb4
44.e4 fxe4 45.Bxe4 Ba3 46.Kd3 Nd7 47.f4 Nf8 48.Nd4 Bc5 49.Bd5 Ke7 50.Ke4 Kf6
51.Nb3 Bf2 52.Kf3 Bg1 53.Nd2 Bd4 54.Ne4+ Ke7 55.g4 Nd7 56.gxh5 gxh5 57.Ng5 Nf6
58.Bc6 Bc5 59.f5 Bd6 60.Ne6 Ng4 61.Bd5 Ne5+ 62.Ke3 Nd7 63.Ng7 Bg3 64.Nxh5 Bxh4
65.Nf4 Bg5 66.Kf3 Nc5 67.Ng6+ Kd6 68.Kg4 Bd8 69.Nf8 Nd7 70.Nxd7 Kxd7 71.Kh5 Bf6
72.Be6+ Ke7 73.c5 Bd4 74.c6 Kf6 75.Kg4 Bb6 76.Kf4 Bc5 77.Ke4 Bb6 78.Kd5 Ke7
79.Ke5 Bc5 80.f6+ Kf8 81.Bd5 Bb6 82.Ke6 Ke8 83.f7+ Kf8 84.Kd7 Ba5 85.Kc8 Bb6
86.Kb7 Ke7 87.Bb3 Kf8 88.Bc4  1/2-1/2

[Event "LXXVII ch-ARG"]
[Site "Tres de Febrero ARG"]
[Date "2003.09.05"]
[Round "3"]
[White "Diaz,Nah"]
[Black "Fiorito,F"]
[Result "1/2-1/2"]
[WhiteElo "2375"]
[BlackElo "2422"]

1.Nf3 Nf6 2.c4 g6 3.g3 Bg7 4.Bg2 O-O 5.O-O d6 6.d4 Nc6 7.Nc3 a6 8.d5 Na5
9.Nd2 c5 10.dxc6 Nxc6 11.b3 d5 12.Bb2 d4 13.Nd5 e5 14.e3 Be6 15.exd4 Nxd5
16.cxd5  1/2-1/2

[Event "V Open"]
[Site "Sants ESP"]
[Date "2003.09.07"]
[Round "9"]
[White "Panelo,M"]
[Black "Jerez Perez,A"]
[Result "1-0"]
[WhiteElo "2335"]
[BlackElo "2418"]

1.Nf3 Nf6 2.c4 g6 3.g3 Bg7 4.Bg2 O-O 5.O-O d5 6.cxd5 Nxd5 7.Nc3 c5 8.Nxd5 Qxd5
9.d3 Nc6 10.Be3 Qd6 11.Rc1 Nd4 12.Nd2 Bg4 13.Bxd4 cxd4 14.h3 Bc8 15.Qc2 Qa6
16.Nb3 Qc6 17.e3 Bf6 18.Nc5 Qc7  1-0

[Event "TCh-CRO w"]
[Site "Rabac CRO"]
[Date "2003.09.09"]
[Round "3"]
[White "Franciskovic,B"]
[Black "Detelic,M"]
[Result "1-0"]
[WhiteElo "2034"]
[BlackElo "1921"]

1.Nf3 Nf6 2.c4 g6 3.g3 Bg7 4.Bg2 O-O 5.Nc3 Re8 6.d4 d6 7.O-O Nc6 8.e4 e5
9.d5 Ne7 10.Bd2 Nd7 11.b4 h6 12.Ne1 Rf8 13.Nd3 f5 14.Rc1 Nf6 15.f4 exf4 16.Nxf4 Ng4
17.Nce2 Ne5 18.Nd4 Rf6 19.Kh1 Kh7 20.Nde6 Bxe6 21.Nxe6 Qd7 22.c5 c6 23.Nxg7 Kxg7
24.Bf4 Nf7 25.cxd6 Nxd6 26.e5 Rff8 27.exd6 Nxd5 28.Bxd5 Rae8 29.Qd4+ Kh7
30.b5  1-0

[Event "TCh-CRO"]
[Site "Rabac CRO"]
[Date "2003.09.09"]
[Round "3"]
[White "Cvitan,O"]
[Black "Martic,Z"]
[Result "1-0"]
[WhiteElo "2546"]
[BlackElo "2264"]

1.c4 Nf6 2.Nf3 g6 3.g3 Bg7 4.Bg2 O-O 5.d4 d6 6.O-O Nbd7 7.Nc3 e5 8.h3 Re8
9.e4 exd4 10.Nxd4 Nc5 11.Re1 Bd7 12.Rb1 Qc8 13.Kh2 h5 14.b4 Ne6 15.Nde2 c5
16.Qxd6 Bf8 17.Qd2 cxb4 18.Nd5 Nxd5 19.cxd5 Nc5 20.Bb2 Na4 21.Ba1 Qc5 22.Rec1 Qb6
23.Bd4 Qd6 24.f4 f6 25.Re1 Rac8 26.Rb3 Nb6 27.Ng1 Nc4 28.Qf2 Bg7 29.Nf3 Qf8
30.Nh4 Qf7 31.Rxb4 b6 32.Rb3 Ba4 33.Rf3 Nd6 34.Rfe3 Rc2 35.R1e2 Rec8 36.Rxc2 Rxc2
37.Re2 Rc4 38.e5 Nb5 39.Bb2 fxe5 40.fxe5 Qxf2 41.Rxf2 Nc3 42.Rf4 Rxf4 43.gxf4 Ne2
44.Nxg6 Bc2 45.d6 Kf7 46.d7  1-0

[Event "TCh-CRO w"]
[Site "Rabac CRO"]
[Date "2003.09.10"]
[Round "4"]
[White "Pahor,A"]
[Black "Kaps,D"]
[Result "0-1"]
[WhiteElo "2076"]
[BlackElo "2237"]

1.Nf3 Nf6 2.c4 g6 3.g3 Bg7 4.Bg2 O-O 5.O-O Re8 6.Nc3 e5 7.d3 c6 8.Bg5 h6
9.Bxf6 Bxf6 10.Ne4 d5 11.Nxf6+ Qxf6 12.cxd5 cxd5 13.Nd2 Qd6 14.e4 d4 15.f4 Nc6
16.Nc4 Qe7 17.Qf3 exf4 18.Qxf4 Kg7 19.e5 Be6 20.Nd6 Reb8 21.Bxc6 bxc6 22.Qxd4 a5
23.Nxf7 Rb4 24.Qc3 Qa7+ 25.Kg2 Bd5+ 26.Kh3 Kh7 27.d4 Qd7+ 28.g4 Bxf7 29.Kg3 Rd8
30.Qf3 Be6 31.Rad1 Rxd4 32.Rxd4 Qxd4 33.Re1 Qxb2 34.Re2 Qb5 35.Re3 Qc5 36.h4 Rf8
37.Qe4 Bd5 38.Qd3 Qc1 39.Qe2 Qg1+ 40.Kh3 Rf2  0-1

[Event "TCh-CRO"]
[Site "Rabac CRO"]
[Date "2003.09.11"]
[Round "5"]
[White "Cvitan,O"]
[Black "Rade,M"]
[Result "1-0"]
[WhiteElo "2546"]
[BlackElo "2381"]

1.Nf3 Nf6 2.g3 g6 3.Bg2 Bg7 4.c4 O-O 5.d4 d5 6.cxd5 Nxd5 7.O-O Nc6 8.Nc3 Nb6
9.e3 Re8 10.Re1 e5 11.d5 e4 12.dxc6 Qxd1 13.Rxd1 exf3 14.Bxf3 Rb8 15.Nb5 bxc6
16.Nxa7 Nc4 17.Nxc6 Rb6 18.Ne7+ Kf8 19.Nxc8 Rxc8 20.a4 Nxb2 21.Bxb2 Bxb2
22.a5 Bxa1 23.axb6 Be5 24.b7 Rb8 25.Bc6 Ke7 26.f4  1-0

[Event "ch-Nordic"]
[Site "Aarhus DEN"]
[Date "2003.09.17"]
[Round "11"]
[White "Agrest,E"]
[Black "Naes,F"]
[Result "1-0"]
[WhiteElo "2605"]
[BlackElo "2330"]

1.Nf3 Nf6 2.c4 g6 3.g3 Bg7 4.Bg2 O-O 5.O-O d6 6.Nc3 c6 7.d3 d5 8.cxd5 Nxd5
9.Bd2 b6 10.d4 Bb7 11.Rc1 Re8 12.Qb3 Nxc3 13.Bxc3 Nd7 14.Rfd1 Rc8 15.Ne5 e6
16.Nc4 Bf8 17.Bd2 Ba6 18.Bf4 g5 19.Bd2 Qe7 20.e4 c5 21.d5 exd5 22.exd5 b5
23.Ne3 c4 24.Qc2 Nc5 25.Qf5 Nd3 26.Ng4 Bg7 27.Bxg5 f6 28.Nxf6+ Bxf6 29.Bxf6 Qf7
30.d6 Rc5 31.Qg4+ Kf8 32.d7 Rd8 33.Bxd8 Qxf2+ 34.Kh1 Rf5 35.Bf6  1-0

[Event "2nd League TCh-SCG"]
[Site "Belgrade SCG"]
[Date "2003.09.27"]
[Round "1"]
[White "Pucarevic,M"]
[Black "Nikolic,Milo"]
[Result "1-0"]
[WhiteElo "2317"]
[BlackElo "2190"]

1.Nf3 Nf6 2.c4 g6 3.g3 Bg7 4.Bg2 O-O 5.O-O d6 6.Nc3 Nc6 7.d3 Nh5 8.Bd2 f5
9.Qc1 e5 10.Nd5 Kh8 11.Bh6 Be6 12.Bxg7+ Kxg7 13.Ng5 Bg8 14.Nh3 Nd4 15.Nc3 c6
16.e3 Ne6 17.Ne2 Nf6 18.d4 Qa5 19.b4 Qc7 20.d5 Nd8 21.dxc6 Nxc6 22.Qc3 Rac8
23.Rfc1 Ne7 24.c5 dxc5 25.bxc5 Rfd8 26.Qb2 Rd7 27.Rab1 Nc6 28.Nc3 Rcd8 29.Nb5 Qa5
30.Nd6 Qxa2 31.Qxa2 Bxa2 32.Rxb7 e4 33.Rxd7+ Nxd7 34.Ra1 Nxc5 35.Nxf5+ gxf5
36.Rxa2 Rd1+ 37.Bf1 Rc1 38.Kg2 Nd3 39.Bxd3 exd3 40.Nf4 Rc2 41.Ra1 d2 42.Rd1 Na5
43.Ne6+ Kf6 44.Nd4 Rb2 45.Kf3 Nc4 46.Ke2 a5 47.Kd3 Rb4 48.Kc3 Nd6 49.f3 Nb5+
50.Nxb5 Rxb5 51.Rxd2 Ke5 52.Rd4 Rc5+ 53.Rc4 Rb5 54.Rh4 Rb7 55.Ra4 Rb5 56.h3 Rc5+
57.Kd3  1-0